Normal view
MARC view
Entry Personal Name
001 - CONTROL NUMBER
- control field: 19306
003 - CONTROL NUMBER IDENTIFIER
- control field: OSt
005 - DATE AND TIME OF LATEST TRANSACTION
- control field: 20241102120800.0
008 - FIXED-LENGTH DATA ELEMENTS
- fixed length control field: 241102|| aca||aabn | a|a d
040 ## - CATALOGING SOURCE
- Original cataloging agency: OSt
- Transcribing agency: OSt
100 ## - HEADING--PERSONAL NAME
- Personal name: Trinidad, Aaron; Ramachandran, Manoj
670 ## - SOURCE DATA FOUND
- Source citation: Work cat.: (OSt)9467: Trinidad, Aaron; Ramachandran, Manoj, Fast Track Surgery: Trauma, Orthopaedics and the Subspecialisties
